000
00249 a2200121 4500
001
74132
082
_a
531.3 MER
090
_c
39040
_d
39040
100
_a
Meriam, J.L
245
_a
Dynamics 2nd Ed
_h
English
250
_a
2
260
_b
John Wiley
942
_a
CAE NUST
_k
531.3 MER
999
_c
309205
_d
309205